RWBY- All Episodes - Statistics

General Stats
  • This quiz has been taken 73 times
  • The average score is 17 of 34
Answer Stats
Episode % Correct
Ruby Rose
86%
Jaunedice
67%
The Emerald Forest
67%
Welcome to Beacon
67%
Forever Fall
65%
Players and Pieces
65%
Best Day Ever
63%
Black and White
61%
Painting the Town...
61%
The Shining Beacon
61%
Beginning of the End
53%
Fall
53%
PvP
53%
The First Step
53%
Breach
51%
The Badge and The Burden
51%
End of the Beginning
49%
The Stray
49%
Burning the Candle
47%
Dance Dance Infiltration
47%
Mountain Glenn
45%
No Brakes
45%
Round One
45%
A Minor Hiccup
43%
Battle of Beacon
43%
Field Trip
41%
New Challengers
41%
Extracurricular
39%
Heroes and Monsters
39%
It's Brawl in the Family
39%
Lessons Learned
37%
Never Miss a Beat
35%
Search and Destroy
33%
Destiny
31%
No matching quizzes found
Score Distribution
Percent of People with Each Score
Percentile by Number Answered
Your Score History
You have not taken this quiz